[Event "2012 Apple Pie Club Championship"]
[Site "SchemingMind.com"]
[Date "2012.01.20"]
[Round "-"]
[White "John Galvin"]
[Black "ArtistDude"]
[Result "1-0"]
[WhiteCountry "USA"]
[BlackCountry "USA"]
[WhiteElo "2310"]
[WhiteRD "56"]
[BlackElo "1867"]
[BlackRD "96"]
[GameID "301772"]

1. e4 g6 2. d4 Bg7 3. c4 d6 4. Nc3 a6 5. f4 c6 6. Nf3 b5 7. Bd3 b4 8. Ne2 Bg4 9. O-O Nd7 10. Qa4 Qb6
11. Be3 a5 12. a3 Bxf3 13. Rxf3 Qb7 14. axb4 Nb6 15. Qb3 axb4 16. Rxa8+ Nxa8 17. Qa4 Nf6 18. e5 Nd7 19. Be4 d5 20. cxd5 cxd5
21. Bd3 Nc7 22. Bd2 Ne6 23. Bb5 f5 24. Bxb4 Nf8 25. Rc3 Kf7 26. Bc6 Nb6 27. Qb5 Qb8 28. Bxd5+ Ne6 29. Bxe6+ Kxe6 30. Rc6+ Kf7
31. Rxb6 Qa8 32. e6+ Kf6 33. Qe5#
1-0

[Event "2012 Apple Pie Club Championship"]
[Site "SchemingMind.com"]
[Date "2012.01.20"]
[Round "-"]
[White "ArtistDude"]
[Black "John Galvin"]
[Result "0-1"]
[WhiteCountry "USA"]
[BlackCountry "USA"]
[WhiteElo "1851"]
[WhiteRD "95"]
[BlackElo "2311"]
[BlackRD "57"]
[GameID "301774"]

1. e4 c5 2. c3 Nf6 3. e5 Nd5 4. d4 cxd4 5. Bc4 Qc7 6. Qe2 Nb6 7. Bd3 d5 8. exd6 Qxd6 9. Nf3 Bg4 10. O-O Nc6
11. h3 Bxf3 12. Qxf3 g6 13. Bb5 Bg7 14. Bf4 Qd5 15. Bxc6+ bxc6 16. Qg3 d3 17. Nd2 O-O 18. Rfe1 Rfe8 19. Re3 e5 20. Rae1 f6
21. b3 exf4 22. Rxe8+ Rxe8 23. Rxe8+ Kf7 24. Qxf4 Kxe8 25. Qb8+ Qd8 26. Qxa7 Bh6
0-1

[Event "2012 Apple Pie Club Championship"]
[Site "SchemingMind.com"]
[Date "2012.01.27"]
[Round "-"]
[White "ironchefnorse"]
[Black "Uzi Mike"]
[Result "1-0"]
[WhiteCountry "USA"]
[BlackCountry "USA"]
[WhiteElo "2293"]
[WhiteRD "91"]
[BlackElo "2262"]
[BlackRD "74"]
[GameID "301928"]

1. d4 Nf6 2. c4 e6 3. Nc3 Bb4 4. Nf3 b6 5. Bg5 h6 6. Bh4 Bb7 7. e3 Bxc3+ 8. bxc3 d6 9. Bd3 Nbd7 10. O-O Qe7
11. a4 e5 12. Bf5 a5 13. Nd2 g5 14. Bg3 O-O 15. Re1 e4 16. Qb1 Rfb8 17. f4 exf3 18. gxf3 Nh5 19. e4 Re8 20. Nf1 Nf8
21. Qb5 Ne6 22. Ne3 Qd8 23. Ra2 Nhg7 24. Rg2 Bc8 25. Nd5
1-0

[Event "2012 Apple Pie Club Championship"]
[Site "SchemingMind.com"]
[Date "2012.01.27"]
[Round "-"]
[White "Uzi Mike"]
[Black "ironchefnorse"]
[Result "0-1"]
[WhiteCountry "USA"]
[BlackCountry "USA"]
[WhiteElo "2262"]
[WhiteRD "74"]
[BlackElo "2293"]
[BlackRD "91"]
[GameID "301930"]

1. e4 e5 2. Nf3 Nc6 3. Bb5 Bc5 4. c3 Nf6 5. d4 Bb6 6. Bxc6 dxc6 7. Nxe5 Nxe4 8. Qe2 O-O 9. Qxe4 f6 10. Nxc6 bxc6
11. O-O Qd5 12. Qxd5+ cxd5 13. Re1 Bd7 14. Bf4 g5 15. Bg3 Kf7 16. Nd2 Rfe8 17. Rad1 Rac8 18. h3 Bb5 19. Nf1 Rxe1 20. Rxe1 h5
21. h4 c5 22. dxc5 Bxc5 23. Rd1 Bc6 24. hxg5 fxg5 25. Nd2 Re8
0-1

[Event "2012 Apple Pie Club Championship"]
[Site "SchemingMind.com"]
[Date "2012.02.07"]
[Round "-"]
[White "Chessman9090"]
[Black "Vermonty"]
[Result "0-1"]
[WhiteCountry "USA"]
[BlackCountry "USA"]
[WhiteElo "1727"]
[WhiteRD "124"]
[BlackElo "1974"]
[BlackRD "63"]
[GameID "302988"]

1. e4 e5 2. Nf3 Nc6 3. Bc4 Nf6 4. Nc3 Nxe4 5. d4 Nxc3 6. bxc3 d5 7. Bb5 e4 8. Ne5 Bd7 9. Nxd7 Qxd7 10. Bg5 Bd6
11. c4 a6 12. Ba4 dxc4 13. d5 b5 14. dxc6 Qxc6 15. Bxb5 axb5 16. O-O O-O 17. c3 Rfe8 18. Qg4 Be5 19. Rfc1 Qg6 20. f4 exf3
21. gxf3 h5 22. Qg2 f6 23. Bd2 Bxh2+ 24. Kxh2 Qxg2+ 25. Kxg2 Re2+ 26. Kg3 Rxd2 27. Re1 Kf7 28. a3 g5 29. Re3 Rd3 30. Rxd3 cxd3
31. Kf2 Kg6 32. Ke3 Rd8 33. Rd1 Kf5
0-1

[Event "2012 Apple Pie Club Championship"]
[Site "SchemingMind.com"]
[Date "2012.02.07"]
[Round "-"]
[White "Vermonty"]
[Black "Chessman9090"]
[Result "1-0"]
[WhiteCountry "USA"]
[BlackCountry "USA"]
[WhiteElo "1978"]
[WhiteRD "62"]
[BlackElo "1744"]
[BlackRD "125"]
[GameID "302995"]

1. e4 e5 2. Nc3 Nc6 3. Nf3 d6 4. d4 Bg4 5. Bc4 Nxd4 6. Nxe5 dxe5 7. Qxg4 Nxc2+ 8. Ke2 Nxa1 9. Rd1 Qe7 10. Bd3 Nf6
11. Qf3 O-O-O 12. Bg5 Nb3 13. axb3 h6 14. Nd5 Rxd5 15. Bxf6 Rxd3 16. Bxe7
1-0

[Event "2012 Apple Pie Club Championship"]
[Site "SchemingMind.com"]
[Date "2012.02.12"]
[Round "-"]
[White "jpetric"]
[Black "Hawkmanzz"]
[Result "0-1"]
[WhiteCountry "USA"]
[BlackCountry "USA"]
[WhiteElo "1615"]
[WhiteRD "80"]
[BlackElo "2281"]
[BlackRD "132"]
[GameID "303211"]

1. e4 e6 2. d4 d5 3. Nc3 Nf6 4. Bg5 dxe4 5. Nxe4 Be7 6. Qf3 Nxe4 7. Bxe7 Qxe7 8. Qxe4 Qb4+ 9. c3 Qxb2 10. Rd1 Qxc3+
11. Rd2 Qa1+ 12. Rd1 Qxa2 13. Nf3 Nd7 14. Bd3 Qa5+ 15. Nd2 Nf6 16. Qe2 Qh5 17. O-O Qxe2 18. Bxe2 Nd5 19. Rc1 Bd7 20. Bf3 O-O-O
21. Nc4 Bb5 22. Be2 Nf4 23. Rfe1 Nxe2+ 24. Rxe2 Rxd4 25. Rec2 Rhd8 26. h3 Rd1+ 27. Rxd1 Rxd1+ 28. Kh2 b6 29. Ne5 f6 30. Nf3 c5
31. Nd2 Bd3 32. Rb2 c4 33. Nf3 c3
0-1

[Event "2012 Apple Pie Club Championship"]
[Site "SchemingMind.com"]
[Date "2012.02.11"]
[Round "-"]
[White "Hawkmanzz"]
[Black "jpetric"]
[Result "1-0"]
[WhiteCountry "USA"]
[BlackCountry "USA"]
[WhiteElo "2281"]
[WhiteRD "132"]
[BlackElo "1615"]
[BlackRD "80"]
[GameID "303216"]

1. e4 e5 2. Nf3 Nc6 3. Nc3 Bc5 4. Nxe5 Qf6 5. Nf3 Ne5 6. Nd5 Qd6 7. d4 Nxf3+ 8. gxf3 Bb4+ 9. c3 Ba5 10. Bf4 Qc6
11. b4 Bb6 12. Rg1 g6 13. b5 Qe6 14. Bc4 Qh3 15. Bxc7 Ne7 16. Qe2 O-O 17. Nxe7+ Kh8 18. Bd6 Ba5 19. Qd2 Re8 20. Be5+
1-0

[Event "2012 Apple Pie Club Championship"]
[Site "SchemingMind.com"]
[Date "2012.02.15"]
[Round "-"]
[White "GKThomas"]
[Black "littleboo"]
[Result "1-0"]
[WhiteCountry "USA"]
[BlackCountry "USA"]
[WhiteElo "2277"]
[WhiteRD "106"]
[BlackElo "2168"]
[BlackRD "79"]
[GameID "303356"]

1. e4 c5 2. c3 Nc6 3. Nf3 d5 4. exd5 Qxd5 5. d4 Nf6 6. Be2 cxd4 7. cxd4 Qa5+ 8. Nc3 Bg4 9. Be3 e6 10. O-O Be7
11. a3 O-O 12. h3 Bh5 13. b4 Qd8 14. Rc1 Rc8 15. g4 Bg6 16. Ne5 a5 17. Nxg6 hxg6 18. b5 Bxa3 19. bxc6 Bxc1 20. Qxc1 Rxc6
21. Bb5 Rc8 22. Qa3 b6 23. Rb1 Qc7 24. Rb3 Rfd8 25. Ba6 Ra8 26. Bf1 a4 27. Rb2 Qc6 28. Ra2 Rdc8 29. Bd2 Nd5 30. Bb5 Qb7
31. Nxa4 Qc7 32. Rb2 Ra7 33. Rb1 Qd8 34. Qd3 Qh4 35. Rb3 Qd8 36. Qe4 Qh4 37. Kg2 Rac7 38. Ba6 Ra8 39. Nxb6 Rxa6 40. Nxd5 Rc8
41. Nf4 Rd6 42. Bb4 Rdc6 43. Nd3 Rc2 44. Bc5 Qf6 45. Rb7 g5 46. Be7 Qh6 47. Ne5 R2c3 48. Nf3 f6 49. Qxe6+ Kh8 50. Bb4 Rc1
51. d5 Ra8 52. Nd4 Qh7 53. Nf5 Qg8 54. Nxg7 Rc2 55. Nh5 Qxe6 56. dxe6 Raa2 57. Rb8+ Kh7 58. Nxf6+ Kg6 59. Ne4 Rc7 60. e7 Rxe7
61. Bxe7 Kf7 62. Bxg5 Ra4 63. Kf3 Ra3+ 64. Be3 Ra1 65. h4 Rh1 66. h5 Ra1 67. h6 Rh1 68. h7 Rh3+ 69. Kf4 Ke7 70. Rb7+ Ke6
71. Ng5+
1-0

[Event "2012 Apple Pie Club Championship"]
[Site "SchemingMind.com"]
[Date "2012.02.14"]
[Round "-"]
[White "littleboo"]
[Black "GKThomas"]
[Result "0-1"]
[WhiteCountry "USA"]
[BlackCountry "USA"]
[WhiteElo "2168"]
[WhiteRD "79"]
[BlackElo "2277"]
[BlackRD "106"]
[GameID "303363"]

1. e4 e6 2. Nc3 c5 3. Nf3 Nc6 4. d4 cxd4 5. Nxd4 Nf6 6. Ndb5 d6 7. Bf4 e5 8. Bg5 a6 9. Na3 b5 10. Bxf6 gxf6
11. Nd5 f5 12. exf5 Bxf5 13. Qf3 Nd4 14. Nc7+ Qxc7 15. Qxa8+ Ke7 16. c3 b4 17. cxb4 Qb6 18. Bxa6 Qxb4+ 19. Kf1 Qxb2 20. Qb7+ Qxb7
21. Bxb7 d5 22. Rd1 Kd6 23. f4 Kc7 24. Bxd5 Bxa3 25. fxe5 Bc5 26. Rc1 Kb6 27. g4 Bxg4 28. Rb1+ Ka5 29. Rc1 Bb6 30. Rc3 Rd8
31. Be4 Nb5 32. Rd3 Rxd3 33. Bxd3 Bf3 34. Rg1 Bxg1 35. Kxg1 h6 36. Bc4 Bh5 37. Kf2 Kb4 38. Bxb5 Kxb5 39. Ke3 Kb4 40. h4 Bg4
41. Kf4 Be6 42. Ke4 Bxa2 43. Kd4 Be6 44. Kd3 Kc5 45. Ke4 Kc4 46. Ke3 Kd5 47. Kf4 Kd4 48. Kf3 Kxe5 49. Ke3 f5
0-1

[Event "2012 Apple Pie Club Championship"]
[Site "SchemingMind.com"]
[Date "2012.02.21"]
[Round "-"]
[White "Scooter"]
[Black "wayder"]
[Result "1/2-1/2"]
[WhiteCountry "USA"]
[BlackCountry "USA"]
[WhiteElo "1790"]
[WhiteRD "53"]
[BlackElo "1950"]
[BlackRD "92"]
[GameID "303780"]

1. d4 Nf6 2. Nf3 g6 3. Bf4 d5 4. h3 Bg7 5. e3 O-O 6. Nbd2 c5 7. c3 Nc6 8. Be2 cxd4 9. cxd4 Ne4 10. O-O Re8
11. Bb5 Bd7 12. Nxe4 dxe4 13. Nd2 e5 14. dxe5 Bxe5 15. Bxe5 Rxe5 16. Bxc6 Bxc6 17. Nb3 Rd5 18. Nd4 Qd7 19. Qg4 Qxg4 20. hxg4 Bd7
21. f3 exf3 22. gxf3 Rg5 23. Kf2 f5 24. gxf5 Bxf5 25. Nxf5 Rxf5=
1/2-1/2

[Event "2012 Apple Pie Club Championship"]
[Site "SchemingMind.com"]
[Date "2012.02.22"]
[Round "-"]
[White "wayder"]
[Black "Scooter"]
[Result "1-0"]
[WhiteCountry "USA"]
[BlackCountry "USA"]
[WhiteElo "1950"]
[WhiteRD "92"]
[BlackElo "1790"]
[BlackRD "53"]
[GameID "303782"]

1. d4 Nf6 2. c4 e6 3. Nc3 Bb4 4. e3 O-O 5. Bd3 d5 6. Nf3 c6 7. O-O Nbd7 8. Qc2 dxc4 9. Bxc4 Nb6 10. Qd3 Nxc4
11. Qxc4 Bxc3 12. bxc3 Qd5 13. Ne5 Ne4 14. f3 Qxc4 15. Nxc4 Nxc3 16. Ba3 Rd8 17. Nd6 Nb5 18. Nxb5 cxb5 19. Rab1 a6 20. Rfd1 b6
21. Rdc1 Bd7 22. Rc7 Rac8 23. Rbc1 a5 24. e4 b4 25. Bb2 b5 26. d5 a4 27. Kf2 exd5 28. Rxd7 dxe4 29. fxe4 h6 30. Rxd8+ Rxd8
31. Ke3 Ra8 32. Rc5 a3 33. Ba1 Rb8 34. e5 Kf8 35. h4 Ke7 36. g4 g6 37. Kd3 Ke6 38. Kc2 f5 39. Rc6+ Kf7 40. gxf5 gxf5
41. Rxh6 Rc8+ 42. Kd2 Rd8+ 43. Rd6 Rg8 44. Rf6+ Ke7 45. Kc2 Rh8 46. Bd4 Rxh4 47. Bc5+ Kd7 48. e6+ Kc8 49. Rf8+
1-0

[Event "2012 Apple Pie Club Championship"]
[Site "SchemingMind.com"]
[Date "2012.03.18"]
[Round "-"]
[White "Brian Acebo"]
[Black "Mel-o-rama"]
[Result "0-1"]
[WhiteCountry "USA"]
[BlackCountry "USA"]
[WhiteElo "1688"]
[WhiteRD "88"]
[BlackElo "1831"]
[BlackRD "96"]
[GameID "305413"]

1. e4 e5 2. Nf3 Nc6 3. d4 exd4 4. Nxd4 Bc5 5. Be3 Qf6 6. Nf5 Bxe3 7. Nxe3 Qxb2 8. Nd2 Nge7 9. Bc4 O-O 10. Rb1 Qd4
11. O-O b6 12. Bd3 Bb7 13. Nb3 Qa4 14. Qe2 Qxa2 15. Ra1 Qb2 16. Rab1 Qc3 17. Nd1 Qf6 18. Re1 Ne5 19. Nd2 Nxd3 20. cxd3 d6
21. Nf3 Ng6 22. Nb2 Ne5 23. Nd2 Rfe8 24. Ndc4 Nxc4 25. Nxc4 d5 26. Nd2 c5 27. Qg4 dxe4 28. dxe4 Qe6 29. Re2 Qxg4
0-1

[Event "2012 Apple Pie Club Championship"]
[Site "SchemingMind.com"]
[Date "2012.03.20"]
[Round "-"]
[White "Mel-o-rama"]
[Black "Brian Acebo"]
[Result "1-0"]
[WhiteCountry "USA"]
[BlackCountry "USA"]
[WhiteElo "1860"]
[WhiteRD "96"]
[BlackElo "1658"]
[BlackRD "86"]
[GameID "305419"]

1. e4 c5 2. d4 cxd4 3. c3 dxc3 4. Nxc3 e5 5. Nf3 Nc6 6. Bc4 h6 7. O-O Nf6 8. Qe2 a6 9. Rd1 Bc5 10. Bd5 O-O
11. Bxc6 bxc6 12. Nxe5 Qc7 13. Nd3 Bb6 14. Be3 Bxe3 15. fxe3 d6 16. Nf2 Re8 17. Qd3 Rd8 18. e5 Ne8 19. exd6 Rxd6 20. Qc2 Be6
21. e4 Rad8 22. Rxd6 Nxd6 23. Rd1 Nb7 24. Rxd8+ Qxd8 25. b3 Qd4 26. Qd3 Qe5 27. Qd2 f6 28. Nfd1 Nd6 29. Qe3 Bf7 30. Qb6 Nxe4
31. Qxc6 Nxc3 32. Qxc3 Qd6 33. Nf2
1-0

[Event "2012 Apple Pie Club Championship"]
[Site "SchemingMind.com"]
[Date "2012.03.18"]
[Round "-"]
[White "dadcando"]
[Black "pengle"]
[Result "0-1"]
[WhiteCountry "USA"]
[BlackCountry "USA"]
[WhiteElo "1616"]
[WhiteRD "70"]
[BlackElo "1847"]
[BlackRD "80"]
[GameID "305810"]

1. e4 c5 2. Nf3 d6 3. h3 Nf6 4. Nc3 Bd7 5. d4 cxd4 6. Nxd4 Nc6 7. Be3 Qa5 8. Bb5 Nxe4 9. Qd3 d5 10. O-O a6
11. Bxc6 bxc6 12. Nxe4 dxe4 13. Qxe4 Rc8 14. Rfd1 e6 15. Nf5 Qxf5 16. Qd4 Rd8 17. Qa7 a5 18. Bb6 e5 19. Bxd8 Kxd8 20. Qxa5+ Ke7
21. Re1 f6 22. Rad1 Kf7 23. Qd8 Be6 24. Qc7+ Kg6 25. Qxc6 Bb4 26. Re4 Rc8 27. Rg4+ Kh5 28. Qe4 Qxe4 29. Rxe4 Bf8 30. g4+ Kg6
31. h4 h5 32. g5 Bf5 33. Re3 Rxc2 34. gxf6 gxf6 35. Rg3+ Kf7 36. a4 Rxb2 37. a5 Ra2 38. Rd5 Be4 39. Rd7+ Be7 40. Re3 f5
41. f3 Ke6 42. Rc7 Bd5 43. f4 e4 44. Rg3 Rxa5 45. Rc1 Bc5+ 46. Rxc5 Rxc5
0-1

[Event "2012 Apple Pie Club Championship"]
[Site "SchemingMind.com"]
[Date "2012.03.19"]
[Round "-"]
[White "pengle"]
[Black "dadcando"]
[Result "1-0"]
[WhiteCountry "USA"]
[BlackCountry "USA"]
[WhiteElo "1847"]
[WhiteRD "80"]
[BlackElo "1616"]
[BlackRD "70"]
[GameID "305815"]

1. c4 e5 2. e4 Nf6 3. d3 Nc6 4. Nf3 Bc5 5. h3 O-O 6. Bg5 h6 7. Bh4 Bd4 8. Nxd4 Nxd4 9. Nc3 c6 10. Ne2 Nxe2
11. Bxe2 Qa5+ 12. Qd2 Qxd2+ 13. Kxd2 b5 14. Bxf6 gxf6 15. Rac1 d6 16. Bd1 f5 17. f3 fxe4 18. fxe4 f5 19. Bf3 f4 20. cxb5 cxb5
21. Rc6 Rf6 22. Rhc1 Bb7 23. Rc7 Rb8 24. b4 Rf7 25. R7c3 Rd8 26. Bg4 d5 27. Be6 Rf8 28. Bxf7+ Rxf7 29. Rc7 Ba6 30. Rxf7 Kxf7
31. Rc7+ Ke8 32. exd5 Kd8 33. Rxa7 Bc8 34. a4 bxa4 35. Rxa4 Bd7 36. Ra5 Kc7 37. Ra6 h5 38. Rh6 Bb5 39. Re6 h4 40. Rxe5 Kd6
41. d4 Bf1 42. Rg5 f3 43. gxf3 Bxh3 44. Rh5 Bg2 45. Rxh4 Bxf3 46. Kc3 Bxd5 47. Rh6+ Kc7 48. b5 Kb7 49. Kb4
1-0

[Event "2012 Apple Pie Club Championship"]
[Site "SchemingMind.com"]
[Date "2012.03.29"]
[Round "-"]
[White "John Galvin"]
[Black "pengle"]
[Result "1-0"]
[WhiteCountry "USA"]
[BlackCountry "USA"]
[WhiteElo "2307"]
[WhiteRD "55"]
[BlackElo "1814"]
[BlackRD "80"]
[GameID "306889"]

1. e4 c5 2. Nf3 Nc6 3. Bb5 g6 4. O-O Nd4 5. Nxd4 cxd4 6. c3 a6 7. Qa4 Rb8 8. Qxd4 f6 9. Qa7 Qc7 10. Bxa6 e5
11. Bb5 Ne7 12. d3 Nc6 13. Qa4 Bg7 14. Na3 O-O 15. Bc4+ Kh8 16. Nb5 Qd8 17. b3 Qa5 18. Qxa5 Nxa5 19. Ba3 Nxc4 20. Bxf8 Bxf8
21. dxc4 b6 22. Rfd1 Bb7 23. Rxd7 Bxe4 24. Rad1 Kg8 25. Rd8 Rxd8 26. Rxd8 Kg7 27. Rd7+ Kh6 28. Rf7 Bg7 29. Nd6
1-0

[Event "2012 Apple Pie Club Championship"]
[Site "SchemingMind.com"]
[Date "2012.03.29"]
[Round "-"]
[White "pengle"]
[Black "John Galvin"]
[Result "0-1"]
[WhiteCountry "USA"]
[BlackCountry "USA"]
[WhiteElo "1814"]
[WhiteRD "80"]
[BlackElo "2307"]
[BlackRD "55"]
[GameID "306892"]

1. c4 b6 2. e4 Bb7 3. Nc3 e6 4. Nf3 c5 5. d3 d6 6. Be2 Nf6 7. O-O Be7 8. b3 O-O 9. Bb2 a6 10. Re1 Qc7
11. Qc2 Nc6 12. a3 Nd4 13. Nxd4 cxd4 14. Nd1 e5 15. Bc1 Nd7 16. b4 a5 17. Bd2 d5 18. Bg4 dxe4 19. dxe4 axb4 20. Bxd7 Qxd7
21. Qd3 Qc6 22. a4 Rxa4 23. Rxa4 Qxa4 24. Nb2 Qa2 25. Rb1 Ra8 26. h3 Ra3 27. Qc2 Rb3 28. Qc1 Bxe4
0-1

[Event "2012 Apple Pie Club Championship"]
[Site "SchemingMind.com"]
[Date "2012.04.24"]
[Round "-"]
[White "wayder"]
[Black "GKThomas"]
[Result "0-1"]
[WhiteCountry "USA"]
[BlackCountry "USA"]
[WhiteElo "1926"]
[WhiteRD "94"]
[BlackElo "2295"]
[BlackRD "95"]
[GameID "308692"]

1. d4 Nf6 2. c4 c5 3. Nf3 cxd4 4. Nxd4 Nc6 5. Nc3 e6 6. Bg5 Be7 7. e4 Nxe4 8. Nxc6 Nxc3 9. Nxd8 Nxd1 10. Bxe7 Nxf2
11. Nxf7 Kxf7 12. Kxf2 Kxe7 13. Be2 d6 14. Bf3 Bd7 15. b3 Bc6 16. Rhe1 Rhf8 17. Re3 Rf6 18. Rae1 Raf8 19. Kg3 Rg6+ 20. Bg4 e5
21. Kh3 h5 22. Bf3 Bd7+ 23. g4 hxg4+
0-1

[Event "2012 Apple Pie Club Championship"]
[Site "SchemingMind.com"]
[Date "2012.04.24"]
[Round "-"]
[White "GKThomas"]
[Black "wayder"]
[Result "1-0"]
[WhiteCountry "USA"]
[BlackCountry "USA"]
[WhiteElo "2295"]
[WhiteRD "95"]
[BlackElo "1926"]
[BlackRD "94"]
[GameID "308700"]

1. e4 e5 2. Nf3 Nf6 3. Nxe5 d6 4. Nf3 Nxe4 5. d4 d5 6. Bd3 Nc6 7. O-O Bg4 8. c4 Be7 9. Nc3 Nf6 10. Re1 Nxd4
11. cxd5 O-O 12. Bxh7+ Nxh7 13. Qxd4 Bxf3 14. gxf3 Bf6 15. Qd3 Bg5 16. Kh1 Bxc1 17. Raxc1 Qh4 18. Ne4 Rac8 19. Rg1 f5 20. Ng3 Qh3
21. d6 c6 22. Rc5 Ng5 23. Rxf5 Rxf5 24. Qxf5 Qxf5 25. Nxf5 Ne6 26. Ne7+
1-0

[Event "2012 Apple Pie Club Championship"]
[Site "SchemingMind.com"]
[Date "2012.04.25"]
[Round "-"]
[White "Vermonty"]
[Black "ironchefnorse"]
[Result "0-1"]
[WhiteCountry "USA"]
[BlackCountry "USA"]
[WhiteElo "1961"]
[WhiteRD "68"]
[BlackElo "2291"]
[BlackRD "100"]
[GameID "308816"]

1. e4 c6 2. d4 d5 3. Nd2 dxe4 4. Nxe4 Bf5 5. Ng3 Bg6 6. h4 h6 7. Nf3 Nd7 8. h5 Bh7 9. Bd3 Bxd3 10. Qxd3 Ngf6
11. Bf4 Qa5+ 12. c3 e6 13. a4 O-O-O 14. b4 Qd5 15. Qc2 Qc4 16. O-O-O a5 17. bxa5 Nd5 18. Bd2 Ba3+ 19. Kb1 Kc7 20. Nf1 Ra8
21. Ne3 Nxe3 22. Bxe3 Rxa5 23. Rh4 Rb5+ 24. Ka1 Ra8
0-1

[Event "2012 Apple Pie Club Championship"]
[Site "SchemingMind.com"]
[Date "2012.04.25"]
[Round "-"]
[White "ironchefnorse"]
[Black "Vermonty"]
[Result "1-0"]
[WhiteCountry "USA"]
[BlackCountry "USA"]
[WhiteElo "2291"]
[WhiteRD "100"]
[BlackElo "1961"]
[BlackRD "68"]
[GameID "308822"]

1. d4 Nf6 2. c4 e6 3. Nc3 Bb4 4. e3 O-O 5. Bd3 d5 6. Nf3 c5 7. O-O dxc4 8. Bxc4 Nbd7 9. Bd2 cxd4 10. exd4 Nb6
11. Bd3 Be7 12. Re1 Nbd5 13. a3 b6 14. Ne5 Bb7 15. Qf3 Nxc3 16. Qxb7 Ncd5 17. Nc6 Qd7 18. Qxd7 Nxd7 19. Nxe7+ Nxe7 20. Bb4 Rfe8
21. Bb5 Rad8 22. Rac1 Nd5 23. Bd6 g6 24. Bc7 Nxc7 25. Rxc7 Re7 26. d5 Kf8 27. d6
1-0

[Event "2012 Apple Pie Club Championship"]
[Site "SchemingMind.com"]
[Date "2012.06.27"]
[Round "-"]
[White "GKThomas"]
[Black "John Galvin"]
[Result "1/2-1/2"]
[WhiteCountry "USA"]
[BlackCountry "USA"]
[WhiteElo "2307"]
[WhiteRD "97"]
[BlackElo "2320"]
[BlackRD "66"]
[GameID "312933"]

1. e4 c5 2. Nf3 d6 3. d4 cxd4 4. Nxd4 Nf6 5. Nc3 a6 6. Be3 e5 7. Nb3 Be7 8. Be2 O-O 9. O-O Be6 10. Qd2 Nbd7
11. a4 Rc8 12. a5 Re8 13. Rfc1 h6 14. f3 Qc7 15. Nd5 Nxd5 16. exd5 Bf5 17. c4 Qd8 18. Bd3 Bxd3 19. Qxd3 Bg5 20. Rc3 f5
21. Rf1 Bxe3+ 22. Qxe3 Nf6 23. Rd1 Re7 24. Qf2 Rd7 25. Qc2= g6 26. Qe2 Kf7 27. Qe3 Rdc7=
1/2-1/2

[Event "2012 Apple Pie Club Championship"]
[Site "SchemingMind.com"]
[Date "2012.06.28"]
[Round "-"]
[White "John Galvin"]
[Black "GKThomas"]
[Result "1/2-1/2"]
[WhiteCountry "USA"]
[BlackCountry "USA"]
[WhiteElo "2320"]
[WhiteRD "66"]
[BlackElo "2307"]
[BlackRD "97"]
[GameID "312935"]

1. e4 e5 2. Nf3 Nc6 3. Bb5 a6 4. Ba4 Nf6 5. O-O Be7 6. Bxc6 dxc6 7. d3 Qd6 8. Nbd2 Be6 9. b3 Nd7 10. Bb2 O-O-O
11. Qe2 g5 12. Qe3 g4 13. Ng5 Kb8 14. a4 Rhg8 15. Nxe6 Qxe6 16. Ba3 Bg5 17. Qe1 h5 18. Nc4 h4 19. Ne3 Nf6 20. Rd1 Rg6
21. Nf5 Ne8 22. Bc1 h3 23. Bxg5 Rxg5 24. g3 Nd6 25. Nxd6 cxd6 26. Qe3 Rgg8 27. f4 f6=
1/2-1/2

[Event "2012 Apple Pie Club Championship"]
[Site "SchemingMind.com"]
[Date "2012.08.07"]
[Round "-"]
[White "Mel-o-rama"]
[Black "Hawkmanzz"]
[Result "0-1"]
[WhiteCountry "USA"]
[BlackCountry "USA"]
[WhiteElo "1868"]
[WhiteRD "102"]
[BlackElo "2246"]
[BlackRD "116"]
[GameID "315512"]

1. e4 e6 2. Qe2 Be7 3. Nf3 d5 4. d3 Nc6 5. g3 e5 6. c3 Nf6 7. Bg2 O-O 8. O-O Be6 9. exd5 Qxd5 10. Ng5 Bg4
11. Qxg4 Qxg2+ 12. Kxg2 Nxg4 13. h3 Nf6 14. Be3 Rad8 15. Rd1 Nd5 16. Nf3 e4 17. Ne1 Ne5 18. Nd2 Nxe3+ 19. fxe3 exd3 20. Nb3 Rfe8
21. Nf3 Nc4 22. Nc1 Nxe3+
0-1

[Event "2012 Apple Pie Club Championship"]
[Site "SchemingMind.com"]
[Date "2012.08.06"]
[Round "-"]
[White "Hawkmanzz"]
[Black "Mel-o-rama"]
[Result "1-0"]
[WhiteCountry "USA"]
[BlackCountry "USA"]
[WhiteElo "2246"]
[WhiteRD "116"]
[BlackElo "1868"]
[BlackRD "102"]
[GameID "315515"]

1. e4 c5 2. Nc3 Nc6 3. Nf3 d6 4. Bc4 Nf6 5. d4 cxd4 6. Nxd4 e6 7. O-O Be7 8. a4 O-O 9. Re1 Qc7 10. Ndb5 Qb8
11. Bb3 b6 12. Nd4 Bb7 13. Nxc6 Bxc6 14. Bf4 e5 15. Bg5 h6 16. Bxf6 Bxf6 17. Bd5 Qc7 18. Bxc6 Qxc6 19. Nd5 Bg5 20. b3 g6
21. c4 f5 22. exf5 Rxf5 23. Qg4 Kf7 24. h4 h5 25. Qe4 Bh6 26. Rad1 Qc8 27. Nc7 Rb8 28. Qd5+ Kg7 29. Qxd6
1-0

[Event "2012 Apple Pie Club Championship"]
[Site "SchemingMind.com"]
[Date "2013.06.27"]
[Round "-"]
[White "GKThomas"]
[Black "ironchefnorse"]
[Result "0-1"]
[WhiteCountry "USA"]
[BlackCountry "USA"]
[WhiteElo "2307"]
[WhiteRD "102"]
[BlackElo "2422"]
[BlackRD "111"]
[GameID "333584"]

1. e4 c6 2. d4 d5 3. e5 Bf5 4. Nf3 e6 5. Be2 c5 6. O-O Nc6 7. Bb5 Bg4 8. Nbd2 cxd4 9. h3 Bh5 10. Nb3 a6
11. Bxc6+ bxc6 12. Nbxd4 c5 13. Nb3 Rc8 14. c4 d4 15. Bd2 Ne7 16. Nc1 Nc6 17. Nd3 Be7 18. Re1 Bg6 19. Nf4 Bf5 20. g4 Bg6
21. Qe2 O-O 22. b3 Qc7 23. h4 h6 24. Kg2 Rcd8 25. Nxg6 fxg6 26. Rh1 Rf7 27. Rh3 Rdf8 28. Rf1 h5 29. gxh5 gxh5 30. Rg3 Rf5
31. Bg5 R8f7 32. Bxe7 Nxe7 33. Ng5 Ng6 34. Qe4 Nf4+ 35. Kg1 Qxe5 36. Qxe5 Rxe5 37. Nxf7 Kxf7 38. Rf3 Re4 39. Rd1 a5 40. Kf1 g5
41. hxg5 h4 42. a3 e5 43. b4 cxb4 44. c5 Kg6 45. c6 d3 46. Re3 Rc4 47. axb4 axb4 48. Rxe5 h3 49. Kg1 Rxc6 50. Kh2 Rb6
51. Kg3 Ne2+ 52. Kxh3 b3 53. Re3 Kxg5
0-1

[Event "2012 Apple Pie Club Championship"]
[Site "SchemingMind.com"]
[Date "2013.06.27"]
[Round "-"]
[White "ironchefnorse"]
[Black "GKThomas"]
[Result "1-0"]
[WhiteCountry "USA"]
[BlackCountry "USA"]
[WhiteElo "2422"]
[WhiteRD "111"]
[BlackElo "2307"]
[BlackRD "102"]
[GameID "333590"]

1. d4 Nf6 2. c4 c5 3. d5 b5 4. cxb5 a6 5. b6 d6 6. Nc3 Nbd7 7. e4 g6 8. Nf3 Bg7 9. Be2 O-O 10. O-O Qxb6
11. Nd2 Qc7 12. a4 Rb8 13. a5 Rb4 14. Nc4 Ne5 15. Nxe5 dxe5 16. Qc2 e6 17. Bg5 h6 18. Be3 exd5 19. Nxd5 Nxd5 20. exd5 Rd8
21. Rac1 e4 22. Qxc5 Qxc5 23. Bxc5 Rxb2 24. Bb6 Re8 25. Rfe1 Bf8 26. Bf1 Bb4 27. Red1 Bd2 28. Rc7 Bg4 29. Ra1 Bg5 30. Bxa6 Bf4
31. Bd4 Rd2 32. Be3 Rd1+ 33. Rxd1 Bxc7 34. Ra1 Ra8 35. d6 Bd8 36. Bb7 Rxa5 37. Rxa5 Bxa5 38. Bxh6 Bb4 39. Bf4 f6 40. h3 g5
41. Bh2 Bf5 42. g4 Bg6 43. d7 Ba5= 44. Bd6 Bd8= 45. Bd5+ Kg7 46. Be6 Bf7 47. Bf5 Bd5 48. Bb4 Kf7 49. Kf1 Bc4+ 50. Ke1 Be6
51. Ke2 Bd5 52. Bc5 Bc7 53. Ke3 Bc6 54. Kd4 Bd8 55. Bb4 Bb5 56. Kxe4 Bc6+ 57. Kd4 Ba8 58. Be4 Bxe4 59. Kxe4 Ke6 60. f4 Kxd7
61. fxg5 fxg5 62. Kf5
1-0